An inquiry into meaning and truth

Uloženo v:
Podrobná bibliografie
Hlavní autor: Russell, Bertrand (Autor)
Médium: Kniha
Jazyk:angličtina
Vydáno: Londres George Allen & Unwin 1940
Témata:
Tagy: Přidat tag
Žádné tagy, Buďte první, kdo vytvoří štítek k tomuto záznamu!

MARC

LEADER 00000nam a2200000 a 4500
001 UCZ3261
003 CL-VaPUC
008 951020e19400000UK |||||||||||||||||eng|d
082 0 4 |a 121.3  |b RUS  |2 21 
100 0 |a Russell, Bertrand  |e author  |9 323650 
245 1 3 |a An inquiry into meaning and truth 
300 |a 352 p 
942 |c BK 
945 |d 19951020 00:00:00  |a cmena 
260 |a Londres  |b George Allen & Unwin  |c 1940 
650 0 |a Fenomenología  |9 256519 
650 0 |a Teoría del conocimiento   |9 255038 
650 0 |a Investigación  |9 257811 
650 0 |a Metodología   |9 256610 
583 |a last modification  |c 19951020 00:00:00  |k Rodrigo Vera 
999 |c 239752  |d 239750 
952 |0 0  |1 0  |4 0  |6 121_300000000000000_RUS_1940  |7 0  |8 P  |9 251131  |a BIBEDU  |b BIBEDU  |c BIBEDU_PB  |d 2019-11-18  |i 1584839  |o 121.3 RUS 1940  |p 1584839  |r 2024-01-25  |w 2019-11-18  |y BK  |k FIL